Województwa graniczące z województwem kujawsko-pomorskim - Statystyki

Ogólne statystyki
  • Ten quiz został rozwiązany 33 razy
  • Średni wynik to 5 z 5
Statystyki odpowiedzi
Województwo % Poprawnych
pomorskie
100%
wielkopolskie
100%
mazowieckie
93%
łódzkie
89%
warmińsko-mazurskie
89%
Nie znaleziono quizów pasujących do podanych kryteriów
Rozkład punktacji
Procent ludzi z każdym wynikiem
Percentyl według liczby udzielonych odpowiedzi
Twoja historia wyników
Nie rozwiązałeś tego quizu